SOS Drogue International: Birth and evolution at the heart of a social and political issue (notice n° 2055021)
[ vue normale ]
| 000 -LEADER | |
|---|---|
| fixed length control field | 01619cam a2200181 4500500 |
| 005 - DATE AND TIME OF LATEST TRANSACTION | |
| control field | 20260405002154.0 |
| 041 ## - LANGUAGE CODE | |
| Language code of text/sound track or separate title | fre |
| 042 ## - AUTHENTICATION CODE | |
| Authentication code | dc |
| 100 10 - MAIN ENTRY--PERSONAL NAME | |
| Personal name | Fraichard, Pascal |
| Relator term | author |
| 245 00 - TITLE STATEMENT | |
| Title | SOS Drogue International: Birth and evolution at the heart of a social and political issue |
| 260 ## - PUBLICATION, DISTRIBUTION, ETC. | |
| Date of publication, distribution, etc. | 2026.<br/> |
| 500 ## - GENERAL NOTE | |
| General note | 93 |
| 520 ## - SUMMARY, ETC. | |
| Summary, etc. | Drug addiction in France was initially addressed from a repressive perspective, with the aim of eradicating drugs and achieving abstinence among users. Faced with the failure of these policies and the emergence of HIV in the 1980s, a paradigm shift gradually took hold, incorporating harm reduction approaches. Founded in 1984 by Jean-Marc Borello, SOS Drogue International is part of this shift, advocating for unconditional acceptance and dignity for individuals above all other care requirements. The association contributes to the development of innovative programs such as Sleep-In, the first emergency accommodation for drug users, and therapeutic communities, combining care, social support, and a residential setting. These practices in the field have had a lasting influence on French public policy in the field of addiction. This dynamic gave rise to Groupe SOS, which has become a major player in the social and medico-social sector, faithful to a humanistic, pragmatic, and person-centered approach. |
| 700 10 - ADDED ENTRY--PERSONAL NAME | |
| Personal name | Justin, Sylvie |
| Relator term | author |
| 700 10 - ADDED ENTRY--PERSONAL NAME | |
| Personal name | Verduzier, Thomas |
| Relator term | author |
| 786 0# - DATA SOURCE ENTRY | |
| Note | Psychotropes | 32 | 1-2 | 2026-03-16 | p. 261-272 | 1245-2092 |
| 856 41 - ELECTRONIC LOCATION AND ACCESS | |
| Uniform Resource Identifier | <a href="https://shs.cairn.info/journal-psychotropes-2026-1-2-page-261?lang=en&redirect-ssocas=7080">https://shs.cairn.info/journal-psychotropes-2026-1-2-page-261?lang=en&redirect-ssocas=7080</a> |
Pas d'exemplaire disponible.




Réseaux sociaux